[Event "Izmailov Memorial op 17th"]
[Site "Tomsk"]
[Date "2013.06.14"]
[Round "4"]
[White "Trofimova, Antonina"]
[Black "Aitbayev, Aslan"]
[Result "1-0"]
[WhiteElo "2198"]
[BlackElo "2418"]
[PlyCount "143"]
[EventDate "2013.06.11"]
[EventType "swiss"]
[EventRounds "9"]
[EventCountry "RUS"]
[SourceTitle "CBM 154 Extra"]
[Source "ChessBase"]
[SourceDate "2013.06.25"]
[SourceVersion "2"]
[SourceVersionDate "2013.06.25"]
[SourceQuality "1"]

1. e4 e6 2. d3 d5 3. Nd2 Nf6 4. Ngf3 b6 5. c3 Be7 6. g3 dxe4 7. dxe4 0-0 8. Bg2 Ba6 9. e5 Nd5 10. Bf1 Qc8 11. Bxa6 Qxa6 12. Qe2 Qxe2+ 13. Kxe2 Nc6 14. Ne4 b5 15. Rd1 a5 16. Be3 a4 17. Bd4 f5 18. Neg5 Nd8 19. Rac1 h6 20. Nh3 g5 21. Ne1 c5 22. Be3 f4 23. gxf4 g4 24. Ng1 Nxf4+ 25. Kf1 Nc6 26. Ng2 Nxg2 27. Kxg2 Nxe5 28. Bxh6 Rf7 29. Rc2 Kh7 30. Re2 Ng6 31. Bc1 Raf8 32. Rd7 e5 33. a3 c4 34. Be3 Rf5 35. Red2 R8f7 36. R2d5 Nh4+ 37. Kh1 e4 38. Ne2 Kg8 39. Ng3 Rxd5 40. Rxd5 Nf3 41. Nxe4 Bh4 42. Kg2 Ne1+ 43. Kf1 Nf3 44. Ke2 Ng1+ 45. Kf1 Nf3 46. Nd2 Nxh2+ 47. Kg2 Nf3 48. Nxf3 gxf3+ 49. Kh3 Be7 50. Kg4 Kg7 51. Rxb5 Bd6 52. Rg5+ Kh7 53. Rh5+ Kg8 54. Rh6 Bf8 55. Rc6 Rb7 56. Rxc4 Rxb2 57. Rxa4 Rb3 58. Bd4 Bxa3 59. Kxf3 Bb2 60. Rc4 Kf7 61. Ke4 Rb7 62. f4 Bc1 63. Be5 Rb2 64. Rc7+ Ke8 65. c4 Rf2 66. c5 Kd8 67. Rh7 Rc2 68. Kd5 Ba3 69. Bd6 Ke8 70. Re7+ Kd8 71. Ra7 Bb4 72. Ra8+ 1-0

[Event "Izmailov Memorial op 17th"]
[Site "Tomsk"]
[Date "2013.06.12"]
[Round "2"]
[White "Trofimova, Antonina"]
[Black "Chigaev, Maksim"]
[Result "0-1"]
[WhiteElo "2198"]
[BlackElo "2455"]
[PlyCount "90"]
[EventDate "2013.06.11"]
[EventType "swiss"]
[EventRounds "9"]
[EventCountry "RUS"]
[SourceTitle "CBM 154 Extra"]
[Source "ChessBase"]
[SourceDate "2013.06.25"]
[SourceVersion "2"]
[SourceVersionDate "2013.06.25"]
[SourceQuality "1"]

1. e4 c5 2. Nf3 e6 3. d3 Nc6 4. g3 d5 5. Nbd2 Nf6 6. Bg2 g6 7. 0-0 Bg7 8. Re1 0-0 9. c3 a5 10. a4 b6 11. Qc2 Ba6 12. Bf1 Rc8 13. h4 h6 14. Qb3 Ng4 15. Qc2 Qf6 16. Kg2 Nce5 17. Be2 Rfd8 18. Rf1 dxe4 19. Nxe4 Qf5 20. Nxe5 Nxe5 21. g4 Nxg4 22. f4 Nf6 23. c4 Nxe4 24. dxe4 Qf6 25. Kg3 h5 26. e5 Qf5 27. Qxf5 exf5 28. Be3 f6 29. e6 Re8 30. Rfe1 Rxe6 31. Kf2 Rce8 32. Bf1 Bb7 33. Rad1 Bc6 34. b3 Bf8 35. Rd3 Bd6 36. Rdd1 Kf7 37. Bh3 Bc7 38. Bf1 R8e7 39. Bd3 Be4 40. Bb1 Bxb1 41. Rxb1 Re4 42. Kf3 Bxf4 43. Bf2 Rxe1 44. Bxe1 g5 45. Bf2 Bc7 0-1

[Event "EU-ch (Women) 11th"]
[Site "Rijeka"]
[Date "2010.03.10"]
[Round "5"]
[White "Trofimova, Antonina"]
[Black "Yusuphanova, Saida"]
[Result "1/2-1/2"]
[WhiteElo "2182"]
[BlackElo "1843"]
[PlyCount "92"]
[EventDate "2010.03.06"]
[EventType "swiss"]
[EventRounds "11"]
[EventCountry "CRO"]
[SourceTitle "CBM 135 Extra"]
[Source "ChessBase"]
[SourceDate "2010.05.04"]
[SourceVersion "1"]
[SourceVersionDate "2010.05.04"]
[SourceQuality "1"]

1. e4 c5 2. Nf3 Nc6 3. d3 d6 4. g3 g6 5. Bg2 Bg7 6. 0-0 Bg4 7. h3 Bxf3 8. Qxf3 h5 9. h4 Nf6 10. Nd2 0-0 11. c3 Rb8 12. Re1 b5 13. Qd1 a5 14. f4 Qc7 15. a4 b4 16. Nc4 bxc3 17. bxc3 Nd7 18. Bd2 Nb6 19. Ne3 e6 20. g4 hxg4 21. Qxg4 Nd7 22. Qd1 Nf6 23. Bf3 Nh7 24. h5 Qd8 25. Re2 Ne7 26. Rg2 gxh5 27. f5 Kh8 28. Bxh5 exf5 29. exf5 Nc6 30. Qg4 Bf6 31. Nd5 Rg8 32. Qh3 Rxg2+ 33. Kxg2 Rb2 34. Rd1 Bxc3 35. Nxc3 Rxd2+ 36. Kh1 Rxd1+ 37. Nxd1 Ne5 38. Nc3 Qg5 39. Ne2 Nxd3 40. Qxd3 Qxh5+ 41. Kg2 Nf6 42. Ng3 Qg5 43. Qxd6 Kg7 44. Qe5 Qd2+ 45. Kf1 Qd1+ 46. Kg2 Qd2+ 1/2-1/2

[Event "EU-ch (Women) 11th"]
[Site "Rijeka"]
[Date "2010.03.07"]
[Round "2"]
[White "Cosma, Elena Luminita"]
[Black "Trofimova, Antonina"]
[Result "1-0"]
[WhiteElo "2346"]
[BlackElo "2182"]
[PlyCount "85"]
[EventDate "2010.03.06"]
[EventType "swiss"]
[EventRounds "11"]
[EventCountry "CRO"]
[SourceTitle "CBM 135 Extra"]
[Source "ChessBase"]
[SourceDate "2010.05.04"]
[SourceVersion "1"]
[SourceVersionDate "2010.05.04"]
[SourceQuality "1"]

1. d4 Nf6 2. Nf3 g6 3. g3 Bg7 4. Bg2 d6 5. 0-0 0-0 6. c4 Nbd7 7. Nc3 c6 8. e4 e5 9. h3 Re8 10. Re1 exd4 11. Nxd4 a5 12. Rb1 Nc5 13. b3 Nfd7 14. Be3 Ne5 15. Re2 Qe7 16. Rd2 Bf8 17. Qc2 a4 18. Re1 axb3 19. axb3 Na6 20. f4 Nb4 21. Qb1 Nd7 22. Bf2 Bg7 23. Na2 Nxa2 24. Rxa2 Rxa2 25. Qxa2 Nc5 26. Qc2 Qc7 27. b4 Na6 28. Qd2 Nxb4 29. Qxb4 Bxd4 30. Bxd4 c5 31. Bxc5 dxc5 32. Qb3 Bd7 33. e5 b5 34. Rd1 b4 35. Rd6 Be6 36. Qd3 h5 37. Bd5 Bxh3 38. Qxg6+ Kf8 39. Qh6+ Ke7 40. Qf6+ Kf8 41. Qh6+ Ke7 42. Qg5+ Kf8 43. Rh6 1-0

[Event "Novokuznetsk (Women) 10th"]
[Site "Novokuznetsk"]
[Date "2007.03.04"]
[Round "9"]
[White "Kuznetsova, Luba"]
[Black "Trofimova, Antonina"]
[Result "1/2-1/2"]
[WhiteElo "2049"]
[BlackElo "2200"]
[PlyCount "48"]
[EventDate "2007.02.27"]
[EventType "tourn"]
[EventRounds "11"]
[EventCountry "RUS"]
[SourceTitle "EXT 2008"]
[Source "ChessBase"]
[SourceDate "2007.11.25"]
[SourceVersion "1"]
[SourceVersionDate "2007.11.25"]
[SourceQuality "1"]

1. Nf3 Nf6 2. c4 d6 3. d4 Nbd7 4. Nc3 e5 5. Bg5 Be7 6. e3 c6 7. Be2 0-0 8. 0-0 Re8 9. Qc2 Qc7 10. Rac1 Nf8 11. h3 Ng6 12. Rfd1 h6 13. Bxf6 Bxf6 14. dxe5 dxe5 15. Bd3 Nf8 16. b4 Be7 17. c5 Be6 18. Nd2 g6 19. Bc4 Rad8 20. Qb3 Kg7 21. Bxe6 Nxe6 22. Nce4 Ng5 23. Nxg5 Bxg5 24. Nc4 Be7 1/2-1/2

[Event "Novokuznetsk (Women) 10th"]
[Site "Novokuznetsk"]
[Date "2007.03.03"]
[Round "7"]
[White "Gorbatenko, Kateryna"]
[Black "Trofimova, Antonina"]
[Result "1/2-1/2"]
[WhiteElo "2129"]
[BlackElo "2200"]
[PlyCount "99"]
[EventDate "2007.02.27"]
[EventType "tourn"]
[EventRounds "11"]
[EventCountry "RUS"]
[SourceTitle "EXT 2008"]
[Source "ChessBase"]
[SourceDate "2007.11.25"]
[SourceVersion "1"]
[SourceVersionDate "2007.11.25"]
[SourceQuality "1"]

1. Nf3 Nf6 2. c4 d6 3. d4 g6 4. Nc3 Bg7 5. e4 0-0 6. Be2 e5 7. d5 a5 8. Bg5 h6 9. Bh4 Na6 10. Nd2 Nc5 11. 0-0 Qe8 12. b3 h5 13. a3 Bd7 14. f3 Na6 15. Nb5 Nh7 16. b4 axb4 17. axb4 Rc8 18. Qb3 Bh6 19. Ra2 Bg5 20. Bf2 Qe7 21. Na7 Ra8 22. c5 dxc5 23. Bxa6 bxa6 24. Bxc5 Qf6 25. f4 exf4 26. e5 Qxe5 27. Nf3 Qf5 28. Bxf8 Nxf8 29. Nxg5 Qxg5 30. Nc6 Bxc6 31. dxc6 Ne6 32. Qc4 Qe5 33. Kh1 Qd6 34. b5 a5 35. Rfa1 Qe5 36. Ra4 Qe3 37. Qe4 Qb6 38. Qe5 Rd8 39. h3 f3 40. gxf3 Qf2 41. Rxa5 Qxf3+ 42. Kg1 Nf4 43. R5a2 Qg3+ 44. Kh1 Qxh3+ 45. Kg1 Qg3+ 46. Kh1 Qf3+ 47. Kg1 Qg4+ 48. Kh1 Qh3+ 49. Kg1 Qg3+ 50. Kh1 1/2-1/2

[Event "World University-ch (Women) 6th"]
[Site "Golden Sands"]
[Date "2000.09.03"]
[Round "3"]
[White "Trofimova, Antonina"]
[Black "Ankhchimeg, Bayanmunkh"]
[Result "1/2-1/2"]
[WhiteElo "2248"]
[BlackElo "2139"]
[PlyCount "75"]
[EventDate "2000.09.01"]
[EventType "team"]
[EventRounds "9"]
[EventCountry "BUL"]
[SourceTitle "CBM 077 Extra"]
[Source "ChessBase"]
[SourceDate "2000.09.14"]
[SourceVersion "1"]
[SourceVersionDate "2000.09.14"]
[SourceQuality "1"]

1. e4 c5 2. Nf3 Nc6 3. Bb5 g6 4. 0-0 Bg7 5. Re1 d6 6. Bxc6+ bxc6 7. c3 Bg4 8. h3 Bxf3 9. Qxf3 e5 10. Na3 Ne7 11. d3 0-0 12. Qd1 Rb8 13. Qa4 Qc7 14. Rb1 f5 15. Bg5 Nc8 16. f3 Nb6 17. Qc2 f4 18. Bh4 Nd7 19. Red1 Bf6 20. Bf2 Kg7 21. b4 cxb4 22. cxb4 Rfc8 23. Rdc1 Nb6 24. Nc4 Nxc4 25. dxc4 a5 26. a3 axb4 27. axb4 Be7 28. Qc3 Ra8 29. Ra1 Qb7 30. c5 Qb5 31. Rd1 Rxa1 32. Rxa1 Rb8 33. Ra7 Rb7 34. Rxb7 Qxb7 35. cxd6 Bxd6 36. Bc5 Qe7 37. Bxd6 Qxd6 38. Kh2 1/2-1/2

[Event "RUS-ch 1L (Women)"]
[Site "Orsk"]
[Date "2000.??.??"]
[Round "5"]
[White "Bezgodova, Svetlana"]
[Black "Trofimova, Antonina"]
[Result "1-0"]
[WhiteElo "2268"]
[BlackElo "2231"]
[PlyCount "125"]
[EventDate "2000.??.??"]
[EventType "swiss"]
[EventRounds "9"]
[EventCountry "RUS"]
[SourceTitle "EXT 2001"]
[Source "ChessBase"]
[SourceDate "2000.11.22"]
[SourceVersion "1"]
[SourceVersionDate "2000.11.22"]
[SourceQuality "1"]

1. Nf3 d5 2. g3 Nf6 3. Bg2 e6 4. 0-0 Be7 5. c4 0-0 6. b3 b6 7. Bb2 Bb7 8. cxd5 Nxd5 9. d4 c5 10. e4 Nc7 11. Nc3 Nc6 12. dxc5 Bxc5 13. Na4 Be7 14. Ne5 f6 15. Nxc6 Bxc6 16. Qc2 Bb7 17. Rfd1 Qc8 18. Rac1 Na6 19. Qe2 Qe8 20. Qc4 Nc5 21. Nxc5 bxc5 22. Qxe6+ Kh8 23. Qd7 Bc6 24. Qxe8 Bxe8 25. e5 Rc8 26. Bh3 Rc7 27. exf6 gxf6 28. Bf5 Kg7 29. Rc4 Bf7 30. Rg4+ Bg6 31. h4 Kf7 32. Rd5 Rd8 33. Bxg6+ hxg6 34. Rxd8 Bxd8 35. Ba3 Rc6 36. Ra4 a5 37. Bc1 f5 38. Bd2 Ra6 39. Kf1 Ke6 40. Ke2 Ra7 41. Be3 Bb6 42. Kd3 Kd5 43. Rc4 Kc6 44. g4 Rd7+ 45. Ke2 fxg4 46. Rxg4 Rd6 47. Rg5 Kb5 48. Rg4 Bd8 49. Rc4 Rd5 50. Kf3 Rh5 51. Kg3 Bc7+ 52. Kh3 Bd8 53. Rg4 Rh7 54. a4+ Kc6 55. Rxg6+ Kd5 56. Bg5 Bc7 57. Ra6 c4 58. bxc4+ Kxc4 59. Ra7 Rd7 60. Kg4 Kb4 61. Bf4 Rg7+ 62. Kf3 Be5 63. Bd2+ 1-0

[Event "RUS-ch 1L (Women)"]
[Site "Orsk"]
[Date "2000.??.??"]
[Round "3"]
[White "Idrisova, Roza"]
[Black "Trofimova, Antonina"]
[Result "0-1"]
[WhiteElo "2139"]
[BlackElo "2231"]
[PlyCount "185"]
[EventDate "2000.??.??"]
[EventType "swiss"]
[EventRounds "9"]
[EventCountry "RUS"]
[SourceTitle "EXT 2001"]
[Source "ChessBase"]
[SourceDate "2000.11.22"]
[SourceVersion "1"]
[SourceVersionDate "2000.11.22"]
[SourceQuality "1"]

1. d4 d5 2. c4 e6 3. Nc3 c6 4. e3 Nf6 5. Nf3 Nbd7 6. Bd2 Bd6 7. Qc2 0-0 8. Bd3 dxc4 9. Bxc4 e5 10. 0-0 exd4 11. exd4 h6 12. Rae1 Nb6 13. Bd3 Nbd5 14. Qc1 Ne7 15. Qb1 Be6 16. b4 Rc8 17. Na4 b6 18. Rc1 Ned5 19. Ne5 Ne7 20. Rfe1 Ng4 21. h3 Nxe5 22. dxe5 Bb8 23. Rcd1 Qc7 24. Nc3 f6 25. Bf4 Nd5 26. Nxd5 Bxd5 27. Be4 Bxe4 28. Rxe4 fxe5 29. Bxe5 Qf7 30. Qc2 Bxe5 31. Rxe5 Rce8 32. Rde1 Rxe5 33. Rxe5 Re8 34. Rxe8+ Qxe8 35. Qc4+ Kh7 36. Qd4 Qe1+ 37. Kh2 Qe7 38. Qd3+ Kh8 39. a3 c5 40. bxc5 bxc5 41. Qf5 Qc7+ 42. Kg1 c4 43. Qf8+ Kh7 44. Kf1 c3 45. Qf5+ g6 46. Qc2 a5 47. a4 Qc4+ 48. Ke1 Kg7 49. Qe2 Qc6 50. Qc2 Kf7 51. Kd1 Ke7 52. Kc1 Qxg2 53. Qxc3 Qf1+ 54. Kb2 Qxf2+ 55. Ka3 Qf5 56. Qg7+ Kd6 57. Qxh6 Qd3+ 58. Kb2 Qd4+ 59. Kc1 Qc4+ 60. Kd2 Qa2+ 61. Ke3 Qe6+ 62. Kd3 Qf5+ 63. Ke2 Kc5 64. Qh4 g5 65. Qh8 Qe4+ 66. Kf2 Kb4 67. Qa1 Qd3 68. Kg2 Kb3 69. Kh2 Qc3 70. Qg1 Qe5+ 71. Kh1 Qd5+ 72. Kh2 Kxa4 73. Qa1+ Kb5 74. Qb2+ Kc6 75. Qc2+ Qc5 76. Qe4+ Kc7 77. Qh7+ Kb6 78. Qg6+ Kb7 79. Qe4+ Kb8 80. Qb1+ Ka8 81. Qf5 Qd6+ 82. Kg1 Qd1+ 83. Kh2 Qd2+ 84. Kh1 Kb7 85. Qb5+ Kc7 86. Qc5+ Kd7 87. Qa7+ Ke6 88. Qb6+ Kf5 89. Qb5+ Ke4 90. Qe8+ Kf3 91. Qh5+ Kf2 92. Qf7+ Qf4 93. Qa2+ 0-1

[Event "RUS-ch U20 Girls"]
[Site "Sochi"]
[Date "1998.??.??"]
[Round "?"]
[White "Andreeva, Natalija"]
[Black "Trofimova, Antonina"]
[Result "1-0"]
[WhiteElo "2140"]
[BlackElo "2205"]
[PlyCount "73"]
[EventDate "1998.??.??"]
[EventType "tourn"]
[EventRounds "11"]
[EventCountry "RUS"]
[SourceTitle "EXT 2000"]
[Source "ChessBase"]
[SourceDate "1999.11.16"]
[SourceVersion "1"]
[SourceVersionDate "1999.11.16"]
[SourceQuality "1"]

1. Nf3 Nf6 2. g3 g6 3. Bg2 Bg7 4. 0-0 d6 5. d4 0-0 6. c4 Nbd7 7. Nc3 e5 8. e4 c6 9. b3 Qb6 10. dxe5 dxe5 11. Qc2 Re8 12. Rd1 Nc5 13. h3 Nfd7 14. Be3 Qc7 15. Rd2 Rf8 16. Rad1 Ne6 17. b4 f5 18. exf5 gxf5 19. Ng5 Nxg5 20. Bxg5 Nf6 21. Rd6 Qf7 22. Qe2 Re8 23. b5 Be6 24. bxc6 Bxc4 25. Qf3 Be6 26. cxb7 Rab8 27. Qc6 Kh8 28. Bxf6 Bxf6 29. Nd5 Bd8 30. Nb4 Be7 31. Rxe6 Bxb4 32. Rf6 Qh5 33. Bf3 Qg5 34. h4 Qg7 35. Rd7 Be7 36. Re6 e4 37. Bh5 1-0

[Event "RUS-ch U20 Girls"]
[Site "Sochi"]
[Date "1998.??.??"]
[Round "?"]
[White "Trofimova, Antonina"]
[Black "Zakurdjaeva, Irina"]
[Result "1-0"]
[WhiteElo "2205"]
[BlackElo "2165"]
[PlyCount "89"]
[EventDate "1998.??.??"]
[EventType "tourn"]
[EventRounds "11"]
[EventCountry "RUS"]
[SourceTitle "EXT 2000"]
[Source "ChessBase"]
[SourceDate "1999.11.16"]
[SourceVersion "1"]
[SourceVersionDate "1999.11.16"]
[SourceQuality "1"]

1. e4 d5 2. exd5 Nf6 3. d4 Nxd5 4. c4 Nb6 5. Nf3 g6 6. h3 Bg7 7. Nc3 0-0 8. Be3 Nc6 9. Qd2 e5 10. d5 Na5 11. b3 e4 12. Nd4 f5 13. 0-0-0 f4 14. Bxf4 Bxd4 15. Qxd4 Rxf4 16. c5 Nd7 17. b4 Qe7 18. g3 Rf8 19. Nxe4 b6 20. d6 cxd6 21. cxd6 Qe5 22. bxa5 Bb7 23. Bc4+ Kg7 24. Qxe5+ Nxe5 25. Bd5 Rac8+ 26. Kb1 Ba6 27. f4 Nc4 28. d7 Rcd8 29. Bxc4 Bxc4 30. axb6 axb6 31. Rd6 Rf7 32. Rhd1 Re7 33. R1d4 Be6 34. Ng5 Bf5+ 35. Kb2 Rexd7 36. Rxd7+ Rxd7 37. Rxd7+ Bxd7 38. g4 h6 39. Ne4 h5 40. gxh5 gxh5 41. h4 Kg6 42. Ng3 b5 43. Kc3 Bg4 44. Kb4 Be6 45. f5+ 1-0

[Event "RUS-ch U20 Girls"]
[Site "Sochi"]
[Date "1998.??.??"]
[Round "?"]
[White "Trofimova, Antonina"]
[Black "Zhurina, Elizaveta"]
[Result "0-1"]
[WhiteElo "2205"]
[BlackElo "2215"]
[PlyCount "99"]
[EventDate "1998.??.??"]
[EventType "tourn"]
[EventRounds "11"]
[EventCountry "RUS"]
[SourceTitle "EXT 2000"]
[Source "ChessBase"]
[SourceDate "1999.11.16"]
[SourceVersion "1"]
[SourceVersionDate "1999.11.16"]
[SourceQuality "1"]

1. e4 c5 2. d3 g6 3. g3 Bg7 4. Bg2 Nc6 5. f4 d6 6. Nf3 e6 7. 0-0 Nge7 8. c3 0-0 9. Be3 b6 10. Na3 Bb7 11. Bf2 Rc8 12. Re1 Qc7 13. Qd2 Qb8 14. Rad1 Qa8 15. Nc2 Rfd8 16. g4 d5 17. Qe2 dxe4 18. dxe4 Rxd1 19. Rxd1 Rd8 20. Bh4 Rxd1+ 21. Qxd1 Qc8 22. Ne3 Bh6 23. Qd6 Bf8 24. Qd2 Qc7 25. Nc4 Nc8 26. e5 b5 27. Ne3 N6e7 28. Bg3 Nd5 29. Nxd5 Bxd5 30. a3 Nb6 31. Nh4 Nc4 32. Qe2 Qb7 33. g5 a5 34. Be1 Bxg2 35. Nxg2 Qd5 36. h4 h5 37. Kh2 b4 38. axb4 cxb4 39. cxb4 axb4 40. Ne3 Nxe3 41. Qxe3 b3 42. Bc3 Bc5 43. Qe2 Bb6 44. Kg3 Qc5 45. Qf1 Qe3+ 46. Kg2 Qe4+ 47. Qf3 Qc2+ 48. Kg3 Bg1 49. Qg2 Be3 50. Qf3 0-1

[Event "RUS-ch (Women) sf"]
[Site "Kolontaevo"]
[Date "1997.??.??"]
[Round "?"]
[White "Reutova, Lyudmila"]
[Black "Trofimova, Antonina"]
[Result "1-0"]
[WhiteElo "2115"]
[BlackElo "2045"]
[PlyCount "103"]
[EventDate "1997.??.??"]
[EventType "swiss"]
[EventRounds "9"]
[EventCountry "RUS"]
[SourceTitle "EXT 1999"]
[Source "ChessBase"]
[SourceDate "1998.11.16"]
[SourceVersion "1"]
[SourceVersionDate "1998.11.16"]
[SourceQuality "1"]

1. d4 Nf6 2. Nf3 g6 3. c3 Bg7 4. Bg5 d6 5. Nbd2 0-0 6. e4 c6 7. Bd3 Nbd7 8. Qe2 Qc7 9. Nc4 b5 10. Ne3 Bb7 11. 0-0 e5 12. Rac1 Qa5 13. b4 Qb6 14. dxe5 dxe5 15. c4 a6 16. c5 Qc7 17. Rfd1 Rfe8 18. Bc2 Bf8 19. Nf1 h6 20. Bd2 Nh5 21. Qe3 Ndf6 22. Bb3 Bc8 23. Bc3 Bg4 24. h3 Bxf3 25. Qxf3 Nh7 26. Qg4 Kh8 27. Rd7 Qc8 28. Rxf7 Ng5 29. Qxc8 Raxc8 30. Ra7 Nxe4 31. Bb2 Ng5 32. h4 Ne4 33. Bf7 Re7 34. Rxe7 Bxe7 35. Bxg6 Nef6 36. Bxe5 Kg8 37. Rd1 Rd8 38. Rxd8+ Bxd8 39. g3 Nd7 40. Bc3 Nhf6 41. Ne3 a5 42. a3 axb4 43. axb4 Nb8 44. Bf5 Kf7 45. Kg2 Na6 46. g4 Ng8 47. Kg3 Bf6 48. Bd2 Ne7 49. Be4 Ke6 50. f4 Nd5 51. Nxd5 cxd5 52. Bd3 1-0